Drapeaux officiels de pays - Mort subite - Statistiques

Statistiques générales
  • Ce quiz a été pris 4 220 fois
  • Le résultat moyen est 14 sur 29
Answers on the Grid
Answers color-coded by a green-red scale on the quiz's grid according to % correct below.
 
Statistiques - réponses
Réponse % Correct
Algeria
96%
Albania
95%
Chile
76%
Estonia
74%
Austria
72%
Bhutan
72%
Georgia
68%
Germany
58%
Iceland
54%
Benin
52%
Lebanon
51%
Bolivia
50%
Portugal
50%
Gabon
49%
Fiji
43%
Laos
43%
Netherlands
42%
South Korea
41%
Madagascar
39%
Maldives
37%
Lesotho
36%
Serbia
35%
Mauritius
33%
Uruguay
33%
Venezuela
31%
Nauru
30%
Zambia
26%
Turkmenistan
26%
Syria
24%
Aucun quiz correspondant
Distribution des résultats
% des personnes avec chaque résultat
Percentile par nombre de réponses
Votre historique - résultats
Vous n’avez pas pris ce quiz